1388 1963 1333 1048 1885 1165 1489 1130 1814 1793 1857 1052 1911 1364 1876 1797 1582 1369 1887 1456 1678 1884 1192 1280 1354 1494 1313 1274 1790 1950 1893 1928 1506 1388 1714 1164 1466 1559 1062 1664 1912 1627 1705 1450 1540 1158 1146 1906 1383 1045 1139 1489 1258 1262 1887 1737 1084 1024 1265 1283 1874 1237 1528 1672 1437 1008 1928 1180 1545 1507 1370 1231 1608 1244 1730 1678 1971 1624 1057 1409 1013 1070 1915 1127 1695 1892 1878 1520 1379 1358 1293 1713 1952 1762 1632 1503 1588 1587 1825 BCNSPRNW ULIB Ver.6.0+V

เปลี่ยนเป็นภาษาไทย

Change to English
 แสดงรายละเอียดบรรณานุกรม
  กลับหน้าหลัก

Brief Record : Get Marc (ISO 2709) : E-mail record : QR code < ปิดหน้าต่าง
LEADER : 00000nam 2200000uu 4500
001    13399123131
003     ULIB
008    140330s2552||||th 000 0 tha d
020    ^a9786115020133
090    ^aนว.^bม946พ 2552
100 0  ^aโมริสา
245 00 ^aพยัคฆ์ร้ายในสายหมอก/^cโมริสา
260    ^aกรุงเทพฯ :^bSugarBeat,^c2552
300    ^a 327 หน้า
945    ^p220^l0^i027755
999    ^aเกษร โพธิ์สุวรรณ
รายการนี้ยังไม่มีแท็ก
คุณยังไม่ได้ล็อกอิน คุณสามารถมีกิจกรรมร่วมกับเว็บไซต์ได้ แต่ต้องล็อกอินก่อน ::
  ล็อกอิน

รายการสื่อสารสนเทศ

ลำดับที่ ประเภท เลขเรียก/บาร์โค้ด สถานที่ สถานะ
1. นวนิยาย
นวนิยาย
นว. ม946พ 2552  
  Barcode: 027755
ห้องสมุดวิทยาเขตสวรรค์ประชารักษ์
►วิจัย
บนชั้น

BibComment


ยังไม่เคยถูกคอมเมนท์

คอมเมนท์ทรัพยากรรายการนี้
  คอมเมนท์: พยัคฆ์ร้ายในสายห..


 Copyright 2026. Bcnsprnw @Library